An investigation on the kinetics of the conversion of carbon monoxide with water vapour over iron oxide based catalysts /

Guardado en:
Autor Principal: Bohlbro, Hans.
Formato: Libro
Idioma:English
Publicado: [Copenhagen] : Gjellerup, 1966.
Materias:
Etiquetas: Agregar Etiqueta
Sin Etiquetas, Sea el primero en etiquetar este registro!
LEADER 01065cam a22002655a 4500
001 EIQ.libpla000688
008 900619s1966####dk#a#####b####000#0#eng#d
005 20060504192835.0
245 1 3 |a An investigation on the kinetics of the conversion of carbon monoxide with water vapour over iron oxide based catalysts /  |c Hans Bohlbro. 
260 |a [Copenhagen] :  |b Gjellerup,  |c 1966. 
300 |a 135 p. :  |b il. ;  |c 24 cm. 
500 |a "A contribution from the Haldor Topsøe Research Laboratory, Vedbæk, Denmark." 
500 |a Resumen en inglés y danés. 
500 |a Continúa en "Industrial use of shift catalysts" por Erik Mongensen, M. H. Jorgensen and K: Sondergaard. 
504 |a Bibliografía: p. 133-[135]. 
100 1 |a Bohlbro, Hans. 
082 |a 665/.81 
650 4 |a Catalizadores  |x Gas de agua. 
650 4 |a Catalizadores  |x Oxido de hierro. 
650 4 |a Catalysts  |x Water-gas. 
650 4 |a Catalysts  |x Iron oxide. 
010 |a  67089623  
040 |a DLC  |c CtBSCLC  |d AR-BbSID 
041 1 |a eng  |b dan 
859 |a AR-BbSID  |b BIB. PLAPIQUI  |h 541.395  |i B 63  |p 2570